Finance green paper: re-tuning the frequency of revaluation (Record no. 65384)
[ view plain ]
| 000 -LEADER | |
|---|---|
| fixed length control field | 01462cam a2200265 4500 |
| 001 - CONTROL NUMBER | |
| control field | ABS63230 |
| 008 - FIXED-LENGTH DATA ELEMENTS--GENERAL INFORMATION | |
| fixed length control field | 000000n2000 000 0 eng u |
| 035 ## - SYSTEM CONTROL NUMBER | |
| System control number | (Sirsi) u109514 |
| 100 ## - MAIN ENTRY--PERSONAL NAME | |
| Personal name | Pound, K |
| 245 ## - TITLE STATEMENT | |
| Title | Finance green paper: re-tuning the frequency of revaluation |
| 260 ## - PUBLICATION, DISTRIBUTION, ETC. | |
| Date of publication, distribution, etc. | 2000 |
| 490 ## - SERIES STATEMENT | |
| Series statement | IRRV Insight |
| Volume/sequential designation | (35) November 2000, 11-12(2) |
| 520 ## - SUMMARY, ETC. | |
| Summary, etc. | Investigates the response of the valuation profession to the local government finance green paper proposals to change the revaluation cycle. A postal survey revealed a significant difference in opinion between agents and in-house surveyors: 51% of agents believed three years to be the best period between revaluations, whereas 71% of in-house surveyors thought the five-yearly cycle should remain. Discusses five key issues for practitioners in their assessment of the revaluation cycle: rents; budgeting; transitional relief; practical challenges; fairness. Highlights the different motivations of agents and in-house surveyors, concluding that the latter group's responses suggest greater unpredictability for budgeting if more frequent revaluations are introduced. |
| 590 ## - LOCAL NOTE (RLIN) | |
| Local note | ABS |
| 650 ## - SUBJECT ADDED ENTRY--TOPICAL TERM | |
| Topical term or geographic name entry element | RATING SYSTEM |
| 650 ## - SUBJECT ADDED ENTRY--TOPICAL TERM | |
| Topical term or geographic name entry element | LOCAL GOVERNMENT FINANCE |
| 650 ## - SUBJECT ADDED ENTRY--TOPICAL TERM | |
| Topical term or geographic name entry element | GREEN PAPER |
| 650 ## - SUBJECT ADDED ENTRY--TOPICAL TERM | |
| Topical term or geographic name entry element | TRANSITIONAL RELIEF |
| 650 ## - SUBJECT ADDED ENTRY--TOPICAL TERM | |
| Topical term or geographic name entry element | RENTS |
| 650 ## - SUBJECT ADDED ENTRY--TOPICAL TERM | |
| Topical term or geographic name entry element | BUDGETING |
| 650 ## - SUBJECT ADDED ENTRY--TOPICAL TERM | |
| Topical term or geographic name entry element | REVALUATION CYCLE |
| 650 ## - SUBJECT ADDED ENTRY--TOPICAL TERM | |
| Topical term or geographic name entry element | BAYLISS REPORT |
| 690 ## - LOCAL SUBJECT ADDED ENTRY--TOPICAL TERM (OCLC, RLIN) | |
| Topical term or geographic name as entry element | RATING AND LOCAL TAXATION |
| 942 ## - ADDED ENTRY ELEMENTS (KOHA) | |
| Suppress in OPAC | 0 |
| Withdrawn status | Lost status | Source of classification or shelving scheme | Damaged status | Not for loan | Home library | Current library | Shelving location | Date acquired | Total Checkouts | Full call number | Barcode | Date last seen | Copy number | Price effective from | Koha item type |
|---|---|---|---|---|---|---|---|---|---|---|---|---|---|---|---|
| Dewey Decimal Classification | London | London | Journal article | 27/11/2000 | ABS63230 | 109514-1001 | 06/08/2019 | 1 | 06/08/2019 | Journal article |